Borussia Dortmund Champions League XIs - Statistics

General Stats
  • This quiz has been taken 1,148 times
    981 since last reset
  • The average score is 36 of 88
Answer Stats
Answer % Correct
Marco Reus
94%
Mats Hummels
94%
Robert Lewandowski
91%
Erling Haaland
84%
Gregor Kobel
83%
Mario Götze
83%
Pierre-Emerick Aubameyang
80%
Roman Bürki
80%
Jude Bellingham
79%
Roman Weidenfeller
78%
İlkay Gündoğan
76%
Jadon Sancho
76%
Niklas Süle
76%
Łukasz Piszczek
74%
Emre Can
71%
Marcel Schmelzer
71%
Neven Subotić
68%
Julian Brandt
66%
Nico Schlotterbeck
63%
Jakub Błaszczykowski
60%
Raphaël Guerreiro
60%
Karim Adeyemi
59%
Sven Bender
59%
Ousmane Dembélé
57%
Shinji Kagawa
56%
Nuri Şahin
54%
Matthias Sammer
53%
Kevin Großkreutz
52%
Donyell Malen
51%
Manuel Akanji
50%
Paco Alcácer
50%
Henrikh Mkhitaryan
47%
Sebastian Kehl
47%
Marwin Hitz
46%
Axel Witsel
44%
Christian Pulišić
43%
Ciro Immobile
43%
Lars Ricken
42%
Sokratis Papastathopoulos
42%
Achraf Hakimi
41%
Giovanni Reyna
38%
Thorgan Hazard
38%
Jan Koller
37%
Jens Lehmann
36%
Julian Weigl
36%
Thomas Meunier
35%
Alexander Meyer
34%
Jürgen Kohler
34%
Matthias Ginter
32%
Tomáš Rosický
32%
Dedé
31%
Salih Özcan
31%
Mahmoud Dahoud
30%
Marc Bartra
30%
Ömer Toprak
30%
Stefan Klos
28%
Andreas Möller
27%
Karl-Heinz Riedle
26%
Marcio Amoroso
26%
Erik Durm
25%
Abdou Diallo
23%
Anthony Modeste
23%
Stéphane Chapuisat
23%
Christoph Metzelder
22%
Michael Zorc
22%
Christian Wörns
20%
Stefan Reuter
19%
Paul Lambert
18%
Torsten Frings
17%
Andriy Yarmolenko
16%
Evanilson
16%
Ewerthon
16%
Mateu Morey
16%
Jörg Heinrich
15%
Fredi Bobič
13%
Heiko Herrlich
13%
Júlio César
13%
Steffen Freund
13%
Vladimir But
12%
Martin Kree
11%
Giuseppe Reina
10%
Christian Nerlinger
9%
Jeremy Toljan
9%
Sunday Oliseh
8%
Patrik Berger
7%
Jan-Derek Sørensen
6%
Miroslav Stević
6%
Wolfgang Feiersinger
6%
No matching quizzes found
Score Distribution
Percent of People with Each Score
Percentile by Number Answered
Your Score History
You have not taken this quiz since the last reset